Introduction to Econometrics. (Record no. 343173)
[ view plain ]
| 000 -LEADER | |
|---|---|
| fixed length control field | 00398 a2200169 4500 |
| 003 - CONTROL NUMBER IDENTIFIER | |
| control field | OSt |
| 005 - DATE AND TIME OF LATEST TRANSACTION | |
| control field | 20180116182634.0 |
| 008 - FIXED-LENGTH DATA ELEMENTS--GENERAL INFORMATION | |
| fixed length control field | 160502b xxu||||| |||| 00| 0 eng d |
| 040 ## - CATALOGING SOURCE | |
| Transcribing agency | 0 |
| 082 ## - DEWEY DECIMAL CLASSIFICATION NUMBER | |
| Classification number | 330.015195 MAD |
| 100 ## - MAIN ENTRY--PERSONAL NAME | |
| Personal name | G. S. Maddala. |
| 245 ## - TITLE STATEMENT | |
| Title | Introduction to Econometrics. |
| 250 ## - EDITION STATEMENT | |
| Edition statement | 3rd Ed |
| 256 ## - COMPUTER FILE CHARACTERISTICS | |
| Computer file characteristics | wiley india |
| 260 ## - PUBLICATION, DISTRIBUTION, ETC. | |
| Date of publication, distribution, etc. | 2005 |
| 942 ## - ADDED ENTRY ELEMENTS (KOHA) | |
| Institution code [OBSOLETE] | NBS |
| Koha item type | Book |
| Call number prefix | 330.015195 MAD |
| Source of classification or shelving scheme | |
| Withdrawn status | Lost status | Damaged status | Not for loan | Permanent Location | Current Location | Date acquired | Total Checkouts | Full call number | Barcode | Checked out | Date last seen | Date last checked out | Price effective from | Koha item type | Total Renewals |
|---|---|---|---|---|---|---|---|---|---|---|---|---|---|---|---|
| Central Library (CL) | Central Library (CL) | 08/28/2013 | 2 | 330.015195 MAD | NBS7811 | 10/24/2018 | 10/09/2018 | 10/09/2018 | 08/28/2013 | Book | |||||
| Central Library (CL) | Central Library (CL) | 08/28/2013 | 4 | 330.015195 MAD | NBS7808 | 10/12/2019 | 09/12/2019 | 09/12/2019 | 08/28/2013 | Book | |||||
| Central Library (CL) | Central Library (CL) | 08/28/2013 | 4 | 330.015195 MAD | NBS7810 | 07/15/2023 | 01/01/2023 | 08/28/2013 | Book | 3 |
